000
00317nam a22001337a 4500
008
171012b xxu||||| |||| 00| 0 eng d
020
_a
0292755295
041
_a
eng
080
_a
316
100
_a
316
101
_a
SOC
245
_a
WOMEN AND THE FAMILILY IN THE MIDDLE EAST
_c
WARMOCK.E
942
_2
udc
_c
BK
999
_c
33365
_d
33365